Guess the Dutch city by picture - Statistics

General Stats
  • This quiz has been taken 16 times
  • The average score is 6 of 14
Answer Stats
Picture Answer % Correct
Rotterdam
100%
Amsterdam
64%
Eindhoven
64%
Utrecht
57%
Den Haag
50%
Groningen
43%
Maastricht
43%
Zwolle
36%
Almere
29%
Nijmegen
29%
's-Hertogenbosch/Den Bosch
21%
Tilburg
21%
Arnhem
14%
Leiden
7%
No matching quizzes found
Score Distribution
Percent of People with Each Score
Percentile by Number Answered
Your Score History
You have not taken this quiz